| 000 | 00976cam a2200229 4500 | ||
|---|---|---|---|
| 001 | WB4014-14 | ||
| 008 | 040408n2004 000 0 eng u | ||
| 035 | _a(Sirsi) u125803 | ||
| 245 | _aPlanning for the digital age | ||
| 260 | _c2004 | ||
| 490 |
_aScottish Executive News Release _v(Sec439/2004) 8 April 2004 (2) |
||
| 520 | _aA consultation is launched which considers deregulation of the planning control for satellite dishes which could allow households to install dishes without planning permission. At present if people need more than one dish they must apply for separate planning permission, which costs £110. For the Scottish Executive New Release: http://www.scotland.gov.uk/pages/news/2004/04/SEc4 39.aspx | ||
| 590 | _aWB | ||
| 590 | _aWB | ||
| 650 | _aBROADBAND TECHNOLOGY | ||
| 650 | _aSATELLITE DISHES | ||
| 650 | _aDIGITAL TECHNOLOGY | ||
| 650 | _aPLANNING CONTROLS | ||
| 650 | _aHOUSEHOLDS | ||
| 690 | _aPLANNING-PLANNING LAW | ||
| 942 | _n0 | ||
| 999 |
_c117188 _d117188 |
||